The assessment of professional competence 2002 (Record no. 102386)
[ view plain ]
| 000 -LEADER | |
|---|---|
| fixed length control field | 01081cam a2200301 4500 |
| 001 - CONTROL NUMBER | |
| control field | ##J119769 |
| 008 - FIXED-LENGTH DATA ELEMENTS--GENERAL INFORMATION | |
| fixed length control field | #DATE n2002 000 0 eng u |
| 035 ## - SYSTEM CONTROL NUMBER | |
| System control number | (Sirsi) u119769 |
| 041 0# - LANGUAGE CODE | |
| Language code of text/sound track or separate title | eng |
| 050 04 - LIBRARY OF CONGRESS CALL NUMBER | |
| Classification number | 333.3307 $2 18 |
| 100 1# - MAIN ENTRY--PERSONAL NAME | |
| Personal name | Land, Howard |
| 245 04 - TITLE STATEMENT | |
| Title | The assessment of professional competence 2002 |
| Medium | [sound recording] |
| 260 ## - PUBLICATION, DISTRIBUTION, ETC. | |
| Place of publication, distribution, etc. | London |
| Name of publisher, distributor, etc. | RICS |
| Date of publication, distribution, etc. | 2002 |
| 300 ## - PHYSICAL DESCRIPTION | |
| Extent | 1 audio CD (ca. 60 min.) |
| 490 #0 - SERIES STATEMENT | |
| Series statement | Owlion Audio Programme |
| 520 ## - SUMMARY, ETC. | |
| Summary, etc. | The fourth Owlion Audio Programme on the APC considering structured training, the management of training, the individual competencies and the process of assessment. |
| 690 ## - LOCAL SUBJECT ADDED ENTRY--TOPICAL TERM (OCLC, RLIN) | |
| Topical term or geographic name as entry element | CAREERS, EDUCATION AND TRAINING-QUALIFICATION ROUTES-ASSESSMENT OF PROFESSIONAL COMPETENCE |
| 700 1# - ADDED ENTRY--PERSONAL NAME | |
| Personal name | Bowen, Simon |
| 700 1# - ADDED ENTRY--PERSONAL NAME | |
| Personal name | Holliday, Iain |
| 700 1# - ADDED ENTRY--PERSONAL NAME | |
| Personal name | Thompson, Keith |
| 700 1# - ADDED ENTRY--PERSONAL NAME | |
| Personal name | Reynolds, Mary Anne |
| 700 1# - ADDED ENTRY--PERSONAL NAME | |
| Personal name | Latham, Caroline |
| 700 1# - ADDED ENTRY--PERSONAL NAME | |
| Personal name | Tovey, Robert |
| 700 1# - ADDED ENTRY--PERSONAL NAME | |
| Personal name | Varley, David |
| 710 2# - ADDED ENTRY--CORPORATE NAME | |
| Corporate name or jurisdiction name as entry element | College of Estate Management |
| 9 (RLIN) | 400 |
| 710 2# - ADDED ENTRY--CORPORATE NAME | |
| Corporate name or jurisdiction name as entry element | Royal Institution of Chartered Surveyors |
| 9 (RLIN) | 4900 |
| 942 ## - ADDED ENTRY ELEMENTS (KOHA) | |
| Suppress in OPAC | 0 |
| Withdrawn status | Lost status | Source of classification or shelving scheme | Damaged status | Not for loan | Home library | Current library | Shelving location | Date acquired | Total Checkouts | Full call number | Barcode | Date last seen | Date last checked out | Copy number | Price effective from | Koha item type | Cost, normal purchase price | Cost, replacement price |
|---|---|---|---|---|---|---|---|---|---|---|---|---|---|---|---|---|---|---|
| Dewey Decimal Classification | London | London | Enquiry desk | 23/09/2002 | 22 | BASEMENT 7 | 30066702 | 06/08/2019 | 09/06/2009 | 2 | 06/08/2019 | Audio | ||||||
| Dewey Decimal Classification | London | London | Enquiry desk | 17/10/2002 | 9 | BASEMENT 7 | 30066813 | 06/08/2019 | 30/10/2003 | 3 | 06/08/2019 | Audio | 15.00 | 15.00 |